| 000 | 00471nam a22001577a 4500 | ||
|---|---|---|---|
| 020 | _a812193091X | ||
| 082 | _a005.73 BHA | ||
| 100 | _aBhaumik, Arup Kr. | ||
| 245 | _aData structures and algorithms | ||
| 260 |
_aNew Delhi, India _bS. Chand & Co. Ltd. _c2009 |
||
| 300 |
_axiv, 414 p. _bill. ; |
||
| 500 | _aIncludes index. | ||
| 650 | _a1. Data structures (Computer science) 2. Computer algorithms. | ||
| 700 | _aHaldar, Santanu and Roy, Subhrajit Sinha | ||
| 942 | _cBK | ||
| 999 |
_c12410 _d12410 |
||